00517nam a2200145 a 4500008004100000050002200041100002000063245011900083260004000202300002200242500002400264650002400288650003100312650002800343180220s2016 ||||||||||||||||| || u aCBU-PG THESIS/NKO aNkondwa, Daniel10aPerceptions of factors contributing to employee turnover at Tanzania - Zambia Railways (TAZARA)cby Daniel Nkondwa aKitwe:bCopperbelt Universityc2016 axiii, 104p.: ill. aIncludes References aABSENTEEISM (LABOR) aEMPLOYEES TURNOVER--ZAMBIA aLABOUR TURNOVER--ZAMBIA